000 01269naa a22003137a 4500
001 BR8202612
003 BR-BrBNA
005 20240918175115.0
007 ta
008 230509b bl.||||| |||| 00| 0 por d
040 _aBR-BrBNA
_bpor
_cBiblioteca Nacional de Agricultura
041 _a(Es)
072 _aE10; E50
_b/G518
090 _aE10 BR8202612
100 1 _aCarrizosa, U.J.
111 1 _aSeminario Expansao da Fronteira Agropecuaria e Meio Ambiente na America Latina
_cBrasilia, DF (Brazil)
_d10 Nov 1981
245 1 _aExpansion de la frontera agropecuaria en el area de Caqueta - Colombia [Estrutura agraria; Politica economica; Migracao rural]
260 3 _aBrasilia, DF (Brasil):
_c1982.
500 _aAnais do Seminario Expansao da Fronteira Agropecuaria e Meio Ambiente na America Latina Brasilia, DF (Brasil): 1982. p. 374-470 (BR8202612-AM)E10
650 _aCOLONIZACAO
650 _aESTRUTURA AGRARIA
650 _aPOLITICA ECONOMICA
650 _aMIGRACAO RURAL
650 _aCAQUETA
650 _aCOLOMBIA
773 0 _tAnais do Seminario Expansao da Fronteira Agropecuaria e Meio Ambiente na America Latina
_b
_wE10 BR8202612
_gBrasilia, DF (Brasil), 1982. p. 374-470
909 _a202404
_bLucia
_c55
_dLucia Elande
942 _cAM
_2AGRIS
999 _c315042
_d315042